[Event "10th American Continental"]
[Site "Montevideo URU"]
[Date "2015.05.17"]
[Round "3.2"]
[White "Henriquez Villagra, Cristobal"]
[Black "Bachmann, Axel"]
[Result "0-1"]
[WhiteTitle "IM"]
[BlackTitle "GM"]
[WhiteElo "2478"]
[BlackElo "2636"]
[WhiteFideId "3409350"]
[BlackFideId "3700488"]
[EventDate "2015.05.15"]
[EventType "swiss"]

1. d4 Nf6 2. c4 e6 3. Nf3 b6 4. g3 Bb4+ 5. Bd2 a5 6. Bg2 Bb7 7. O-O O-O 8. Nc3
d6 9. Qc2 Nbd7 10. Rfe1 Bxc3 11. Bxc3 Be4 12. Qd2 c6 13. Qf4 Qb8 14. Rac1 h6 15.
Bf1 b5 16. c5 b4 17. Bd2 dxc5 18. dxc5 e5 19. Qh4 Rd8 20. Bxh6 gxh6 21. Qxh6 Bg6
22. Nh4 Nf8 23. e4 Qc8 24. f3 N6h7 25. Bc4 Kh8 26. Rcd1 Qc7 27. Kg2 Qe7 28. Nf5
Bxf5 29. exf5 f6 30. Rd6 Nd7 31. Re6 Qf8 32. Qxf8+ Nhxf8 33. Rxc6 Rdc8 34. Rd6
Nxc5 35. Rxf6 Ncd7 36. Rh6+ Kg7 37. Rh4 Rc5 38. Re2 Nf6 39. b3 Re8 40. g4 N8h7
41. Rh3 Ng5 42. Rg3 Rh8 43. Kf1 Rh4 44. Ke1 Nd7 45. Rd2 Nb6 46. f6+ Kg6 47. f7
Nxf7 48. Bxf7+ Kxf7 49. Re2 Nd5 0-1

[Event "10th American Continental"]
[Site "Montevideo URU"]
[Date "2015.05.17"]
[Round "3.3"]
[White "Lenderman, Aleksandr"]
[Black "Shabalov, Alexander"]
[Result "1/2-1/2"]
[WhiteTitle "GM"]
[BlackTitle "GM"]
[WhiteElo "2636"]
[BlackElo "2523"]
[WhiteFideId "2021285"]
[BlackFideId "2008572"]
[EventDate "2015.05.15"]
[EventType "swiss"]

1. d4 d5 2. c4 dxc4 3. Nf3 a6 4. e3 e6 5. Bxc4 c5 6. O-O Nf6 7. Qe2 cxd4 8. exd4
Be7 9. Nc3 O-O 10. a4 Nc6 11. Rd1 Nb4 12. Ne5 Bd7 13. d5 exd5 14. Nxd5 Nbxd5 15.
Bxd5 Nxd5 16. Rxd5 Bg4 17. Qc4 Qxd5 18. Qxd5 Rad8 19. Qb3 Rd1+ 20. Qxd1 Bxd1 21.
Bg5 Bxg5 22. Rxd1 Rc8 23. b3 g6 1/2-1/2

[Event "10th American Continental"]
[Site "Montevideo URU"]
[Date "2015.05.17"]
[Round "3.4"]
[White "Terry, Renato"]
[Black "Cordova, Emilio"]
[Result "1/2-1/2"]
[WhiteTitle "FM"]
[BlackTitle "GM"]
[WhiteElo "2464"]
[BlackElo "2629"]
[WhiteFideId "3803457"]
[BlackFideId "3801497"]
[EventDate "2015.05.15"]
[EventType "swiss"]

1. d4 Nf6 2. Nf3 e6 3. c4 b6 4. g3 Ba6 5. Qa4 Bb7 6. Bg2 c5 7. dxc5 bxc5 8. O-O
Be7 9. Rd1 O-O 10. Bf4 Qb6 11. Nc3 Rd8 12. Qb5 Bc6 13. Qxb6 axb6 14. Rd2 h6 15.
Rad1 Ne4 16. Nxe4 Bxe4 17. b3 d5 18. Bxb8 Rdxb8 19. Ne5 Bxg2 20. Kxg2 Rb7 21.
cxd5 exd5 22. Rc2 d4 23. e3 dxe3 24. fxe3 Bg5 25. Rd7 Rba7 26. Rxa7 Rxa7 27. a4
Rb7 28. Kf3 Kf8 29. Rd2 Ke7 30. Nc4 g6 31. Rd3 b5 32. axb5 1/2-1/2

[Event "10th American Continental"]
[Site "Montevideo URU"]
[Date "2015.05.17"]
[Round "3.5"]
[White "Iturrizaga Bonelli, Eduardo"]
[Black "Vera Siguenas, Deivy"]
[Result "1-0"]
[WhiteTitle "GM"]
[BlackTitle "IM"]
[WhiteElo "2613"]
[BlackElo "2469"]
[WhiteFideId "3901211"]
[BlackFideId "3804623"]
[EventDate "2015.05.15"]
[EventType "swiss"]

1. Nf3 Nf6 2. c4 g6 3. Nc3 Bg7 4. g3 O-O 5. Bg2 d6 6. d4 Nc6 7. O-O a6 8. Bf4
Bd7 9. Rc1 Rb8 10. Qd2 b5 11. Nd5 Ne4 12. Qc2 f5 13. cxb5 axb5 14. Nxc7 e5 15.
Qb3+ Kh8 16. Rxc6 Bxc6 17. Ne6 Qe7 18. Nxf8 Rxf8 19. dxe5 dxe5 20. Be3 f4 21.
gxf4 exf4 22. Bd4 Nf6 23. Rc1 Qb7 24. Qe6 Be4 25. Qd6 Qd5 26. Qxf4 1-0

[Event "10th American Continental"]
[Site "Montevideo URU"]
[Date "2015.05.17"]
[Round "3.6"]
[White "Cori, Jorge"]
[Black "Molina, Roberto Junio Brito"]
[Result "1-0"]
[WhiteTitle "GM"]
[BlackTitle "IM"]
[WhiteElo "2609"]
[BlackElo "2455"]
[WhiteFideId "3802272"]
[BlackFideId "2109450"]
[EventDate "2015.05.15"]
[EventType "swiss"]

1. d4 Nf6 2. c4 e6 3. g3 d5 4. Bg2 Be7 5. Nf3 O-O 6. O-O dxc4 7. Qc2 a6 8. Qxc4
b5 9. Qc2 Bb7 10. Bd2 Nbd7 11. Ba5 Rc8 12. Nbd2 Qe8 13. b4 Nb8 14. a3 Nc6 15.
Nb3 Bd6 16. Rfd1 Nxa5 17. Nxa5 Be4 18. Qb2 Nd7 19. Rac1 Nb6 20. Nd2 Bxg2 21.
Kxg2 e5 22. Ne4 Na4 23. Qc2 exd4 24. Nxd6 cxd6 25. Qxc8 Qxc8 26. Rxc8 Rxc8 27.
Rxd4 Nc3 28. Rxd6 Nxe2 29. Rxa6 g5 30. Nc6 Kg7 31. Ne7 Rd8 32. Nf5+ Kf8 33. Rc6
Nd4 34. Nxd4 Rxd4 35. Rc5 Rd3 36. Rxb5 Rxa3 37. Rxg5 Rb3 38. b5 h6 39. Rf5 Kg7
40. g4 f6 41. h4 Kg6 42. f3 Rb2+ 43. Kg3 1-0

[Event "10th American Continental"]
[Site "Montevideo URU"]
[Date "2015.05.17"]
[Round "3.7"]
[White "Barbosa, Evandro Amorim"]
[Black "Felgaer, Ruben"]
[Result "1/2-1/2"]
[WhiteTitle "IM"]
[BlackTitle "GM"]
[WhiteElo "2438"]
[BlackElo "2582"]
[WhiteFideId "2115824"]
[BlackFideId "107069"]
[EventDate "2015.05.15"]
[EventType "swiss"]

1. e4 c5 2. Nf3 e6 3. d4 cxd4 4. Nxd4 a6 5. Bd3 Bc5 6. Nb3 Ba7 7. Qg4 Nf6 8. Qg3
d6 9. Nc3 Nc6 10. Bg5 h6 11. Bd2 Nh5 12. Qf3 Nf6 13. Qg3 Nh5 14. Qf3 Nf6 1/2-1/2

[Event "10th American Continental"]
[Site "Montevideo URU"]
[Date "2015.05.17"]
[Round "3.8"]
[White "Mareco, Sandro"]
[Black "Cori T., Deysi"]
[Result "1-0"]
[WhiteTitle "GM"]
[BlackTitle "WGM"]
[WhiteElo "2581"]
[BlackElo "2431"]
[WhiteFideId "112275"]
[BlackFideId "3801934"]
[EventDate "2015.05.15"]
[EventType "swiss"]

1. Nf3 Nf6 2. c4 g6 3. Nc3 Bg7 4. e4 d6 5. d4 O-O 6. Be2 c5 7. O-O cxd4 8. Nxd4
Nc6 9. Be3 Bd7 10. Qd2 Nxd4 11. Bxd4 Bc6 12. f3 a5 13. b3 Nd7 14. Bf2 Nc5 15.
Rab1 e6 16. Bd1 Qc7 17. Bc2 b6 18. Rfd1 Be5 19. a3 Rfc8 20. Bg3 Qe7 21. Ne2 b5
22. Bxe5 dxe5 23. b4 axb4 24. axb4 Nb7 25. c5 Ra2 26. Qc3 Be8 27. Ra1 Rxa1 28.
Rxa1 Qg5 29. Rd1 Nd8 30. Bd3 Rb8 31. Qd2 Qxd2 32. Rxd2 Nc6 33. Rb2 f5 34. Kf2
Kg7 35. Ke3 f4+ 36. Kd2 Rd8 37. Kc3 Nd4 38. Ra2 Kf6 39. Ra6 h5 40. Rb6 Nxe2+ 41.
Bxe2 g5 42. Bxb5 Bxb5 43. Rxb5 g4 44. c6 1-0

[Event "10th American Continental"]
[Site "Montevideo URU"]
[Date "2015.05.17"]
[Round "3.9"]
[White "Supi, Luis Paulo"]
[Black "Hansen, Eric"]
[Result "1/2-1/2"]
[WhiteTitle "IM"]
[BlackTitle "GM"]
[WhiteElo "2416"]
[BlackElo "2580"]
[WhiteFideId "2106388"]
[BlackFideId "2606771"]
[EventDate "2015.05.15"]
[EventType "swiss"]

1. d4 Nf6 2. c4 e6 3. Nc3 Bb4 4. e3 O-O 5. Ne2 d5 6. a3 Be7 7. cxd5 exd5 8. Nf4
c6 9. Bd3 Na6 10. O-O Nc7 11. b4 a6 12. f3 Re8 13. Kh1 Bf8 14. Bd2 Ne6 15. Nfe2
g6 16. Be1 Nh5 17. Bc2 Bg7 18. Bf2 Bd7 19. e4 1/2-1/2

[Event "10th American Continental"]
[Site "Montevideo URU"]
[Date "2015.05.17"]
[Round "3.10"]
[White "Martinez Romero, Martin"]
[Black "Flores, Diego"]
[Result "1/2-1/2"]
[WhiteTitle "IM"]
[BlackTitle "GM"]
[WhiteElo "2404"]
[BlackElo "2567"]
[WhiteFideId "4404025"]
[BlackFideId "108049"]
[EventDate "2015.05.15"]
[EventType "swiss"]

1. e4 e5 2. Nf3 Nc6 3. Bb5 Bc5 4. O-O Nge7 5. c3 Bb6 6. d4 exd4 7. cxd4 d5 8.
exd5 Nxd5 9. Re1+ Be6 10. Ne5 Ne7 11. Bxc6+ bxc6 12. Bg5 Qxd4 13. Qf3 Nd5 14.
Nc3 Qc5 15. Ne4 Qc2 16. a4 Qxb2 17. Nxc6 1/2-1/2

[Event "10th American Continental"]
[Site "Montevideo URU"]
[Date "2015.05.17"]
[Round "3.11"]
[White "Hevia Alejano, Carlos Antonio"]
[Black "Quintiliano Pinto, Renato R."]
[Result "1/2-1/2"]
[WhiteTitle "IM"]
[BlackTitle "FM"]
[WhiteElo "2535"]
[BlackElo "2411"]
[WhiteFideId "3508811"]
[BlackFideId "2117568"]
[EventDate "2015.05.15"]
[EventType "swiss"]

1. d4 d5 2. Nf3 e6 3. g3 Nf6 4. c4 c6 5. Bg2 dxc4 6. O-O b5 7. a4 Bb7 8. b3 cxb3
9. Qxb3 a6 10. Ne5 Qxd4 11. Bb2 Qb4 12. Qc2 Qc5 13. Qd2 Qb6 14. Rd1 Be7 15. Qg5 1/2-1/2

[Event "10th American Continental"]
[Site "Montevideo URU"]
[Date "2015.05.17"]
[Round "3.12"]
[White "Escalante Ramirez, Brian Sebasti"]
[Black "Perez Ponsa, Federico"]
[Result "0-1"]
[BlackTitle "GM"]
[WhiteElo "2373"]
[BlackElo "2533"]
[WhiteFideId "3819566"]
[BlackFideId "117927"]
[EventDate "2015.05.15"]
[EventType "swiss"]

1. e4 c6 2. d4 d5 3. f3 Qb6 4. Nc3 dxe4 5. fxe4 e5 6. dxe5 Be6 7. Nf3 Nd7 8. Ng5
Bc5 9. Nxe6 Bf2+ 10. Ke2 fxe6 11. Na4 Qd4 12. Qxd4 Bxd4 13. Be3 Bxe5 14. g3 Ngf6
15. Bg2 b6 16. Rad1 Ke7 17. b3 Rad8 18. Bc1 c5 19. Nb2 Bb8 20. Nd3 Ne5 21. Bb2
Nfg4 22. Bxe5 Nxe5 23. Nxe5 Bxe5 24. Rxd8 Rxd8 25. Rd1 Rc8 26. c4 a6 27. Bf1 Bd4
28. Bg2 b5 29. Rc1 Rf8 30. Bf3 b4 31. Rf1 a5 32. Bh5 Ra8 33. Rf7+ Kd6 34. e5+
Kxe5 35. Bf3 Ra6 36. Rxg7 a4 37. Rxh7 axb3 38. axb3 Ra3 39. Rh5+ Kd6 40. Be4
Rxb3 41. Bd3 Rb2+ 42. Kd1 Be3 43. Bc2 b3 44. Bxb3 Rxb3 45. Kc2 Ra3 46. g4 Bd4
47. h4 Rc3+ 48. Kd2 Rxc4 49. g5 Bf2 50. g6 Rg4 0-1

[Event "10th American Continental"]
[Site "Montevideo URU"]
[Date "2015.05.17"]
[Round "3.13"]
[White "Yermolinsky, Alex"]
[Black "Santiago, Yago De Moura"]
[Result "0-1"]
[WhiteTitle "GM"]
[BlackTitle "IM"]
[WhiteElo "2531"]
[BlackElo "2400"]
[WhiteFideId "2005492"]
[BlackFideId "2103877"]
[EventDate "2015.05.15"]
[EventType "swiss"]

1. d4 Nf6 2. c4 g6 3. Nc3 Bg7 4. e4 d6 5. Nf3 O-O 6. Be2 e5 7. O-O c6 8. Be3
exd4 9. Bxd4 Re8 10. Qc2 Qe7 11. Rfe1 Nbd7 12. Nd2 b6 13. Bf1 Bb7 14. f3 Nc5 15.
Bf2 Ne6 16. Rad1 Nd7 17. Nb3 Ne5 18. Nd4 Rad8 19. Nxe6 Qxe6 20. Qa4 Ra8 21. Rd2
Bh6 22. Be3 Bxe3+ 23. Rxe3 f5 24. exf5 Qxf5 25. Qd1 Rf8 26. Ne4 Qf4 27. Qe1 Rae8
28. Rxd6 c5 29. Qd2 Ng4 0-1

[Event "10th American Continental"]
[Site "Montevideo URU"]
[Date "2015.05.17"]
[Round "3.14"]
[White "Izquierdo, Daniel"]
[Black "El Debs, Felipe de Cresce"]
[Result "0-1"]
[WhiteTitle "FM"]
[BlackTitle "GM"]
[WhiteElo "2190"]
[BlackElo "2527"]
[WhiteFideId "3000044"]
[BlackFideId "2106981"]
[EventDate "2015.05.15"]
[EventType "swiss"]

1. d4 d5 2. Nf3 Nf6 3. c4 c6 4. cxd5 cxd5 5. Nc3 Nc6 6. Bf4 e6 7. e3 Be7 8. Bb5
O-O 9. h3 Bd7 10. O-O Rc8 11. Qe2 a6 12. Bd3 Nb4 13. Bb1 Ne4 14. Rc1 f5 15. Ne5
Bh4 16. Bxe4 fxe4 17. f3 exf3 18. Qxf3 Be8 19. Qg4 Rf5 20. Qe2 Nc6 21. Nf3 Be7
22. Rf1 Qa5 23. Rf2 b5 24. Bg3 b4 25. Nd1 b3 26. a3 Nb4 27. Nc3 Nc2 28. Rc1 Bh5
29. Rxc2 bxc2 30. Qxc2 Bxf3 31. gxf3 Bxa3 32. e4 Rg5 33. Kh2 Bxb2 34. Qxb2 Qxc3
35. Qb6 Qc6 36. Qb1 Rf8 37. Bh4 Qc7+ 38. e5 Rgf5 39. Qd3 Qc4 40. Qe3 h6 41. Be7
Rb8 42. Bc5 Rb3 43. Qd2 Rfxf3 0-1

[Event "10th American Continental"]
[Site "Montevideo URU"]
[Date "2015.05.17"]
[Round "3.15"]
[White "Quesada Perez, Yuniesky"]
[Black "Pierrot, Facundo"]
[Result "1/2-1/2"]
[WhiteTitle "GM"]
[BlackTitle "IM"]
[WhiteElo "2645"]
[BlackElo "2377"]
[WhiteFideId "3504409"]
[BlackFideId "103250"]
[EventDate "2015.05.15"]
[EventType "swiss"]

1. e4 e5 2. Nf3 Nf6 3. Nxe5 d6 4. Nf3 Nxe4 5. Nc3 Nxc3 6. dxc3 Be7 7. Be3 Nc6 8.
Qd2 Be6 9. O-O-O Qd7 10. h4 h6 11. a3 a6 12. Nd4 Nxd4 13. Bxd4 Rg8 14. c4 O-O-O
15. Qc3 g6 16. Be2 h5 17. b3 Rge8 18. g3 Bf8 19. Rhe1 Bf5 20. Kb1 Re6 21. Bf3
Rxe1 22. Qxe1 Re8 23. Qh1 c6 24. Kb2 Bg4 25. Rd3 Bxf3 26. Qxf3 Re6 27. Bf6 Qe8
28. Bc3 Be7 29. Qf4 Qf8 30. a4 f5 31. Re3 Rxe3 32. Qxe3 Kd7 33. Qa7 Qc8 34. Qd4
Qf8 35. f4 Qg8 36. Qb6 Qc8 37. b4 Qc7 38. Qe3 Qc8 39. Qa7 Kc7 40. b5 axb5 41.
cxb5 cxb5 42. axb5 Kd7 43. Bd4 Ke6 44. Bc3 Kd7 45. Bd4 Ke6 46. c3 d5 47. Qb6+
Kf7 48. Kc2 Qc4 49. Qxb7 Qe2+ 50. Kb3 Qd1+ 51. Kb2 Qd2+ 52. Kb3 Qd1+ 1/2-1/2

[Event "10th American Continental"]
[Site "Montevideo URU"]
[Date "2015.05.17"]
[Round "3.17"]
[White "Mekhitarian, Krikor Sevag"]
[Black "Matsuura, Frederico"]
[Result "1-0"]
[WhiteTitle "GM"]
[BlackTitle "FM"]
[WhiteElo "2572"]
[BlackElo "2270"]
[WhiteFideId "2107660"]
[BlackFideId "2107848"]
[EventDate "2015.05.15"]
[EventType "swiss"]

1. e4 e6 2. d4 d5 3. Nc3 Bb4 4. e5 b6 5. Qg4 Bf8 6. Nf3 Ne7 7. Bg5 Qd7 8. Bb5 c6
9. Be2 Ba6 10. O-O c5 11. dxc5 Bxe2 12. Nxe2 bxc5 13. Bxe7 Qxe7 14. c4 Nc6 15.
cxd5 exd5 16. Nf4 Rd8 17. e6 g6 18. exf7+ Kxf7 19. Rfe1 Qd7 20. Ne6 Kg8 21. h4
Re8 22. Re2 Bg7 23. Rae1 Nd4 24. Nexd4 Qxg4 25. Rxe8+ Kf7 26. R8e7+ Kf8 27. Ng5
Qc8 28. Rc7 Qxc7 29. Nde6+ Ke7 30. Nxc7+ 1-0

[Event "10th American Continental"]
[Site "Montevideo URU"]
[Date "2015.05.17"]
[Round "3.18"]
[White "Kaidanov, Gregory S"]
[Black "Menna Barreto, Felipe Kubiaki"]
[Result "1-0"]
[WhiteTitle "GM"]
[BlackTitle "FM"]
[WhiteElo "2566"]
[BlackElo "2271"]
[WhiteFideId "2008564"]
[BlackFideId "2119757"]
[EventDate "2015.05.15"]
[EventType "swiss"]

1. d4 Nf6 2. c4 g6 3. Nc3 Bg7 4. e4 d6 5. Be2 O-O 6. Bg5 c5 7. d5 h6 8. Be3 e6
9. Qd2 exd5 10. exd5 Kh7 11. h3 Re8 12. Bd3 Na6 13. Nf3 Nc7 14. O-O b5 15. b3 b4
16. Ne2 Ne4 17. Bxe4 Rxe4 18. Rac1 Ne8 19. Ng3 Re7 20. Bf4 a5 21. Qc2 a4 22. h4
axb3 23. axb3 Nf6 24. Rfe1 Raa7 25. Nd2 Ng4 26. Nde4 Bd4 27. Bxd6 Nxf2 28. Bxc5
Nxe4+ 29. Bxd4 Nxg3 30. Bxa7 Bf5 31. Qf2 Rxe1+ 32. Rxe1 Qxh4 33. Qf3 Kg7 34. Bb8
Ne4 35. Re2 Ng5 36. Qf4 Qh5 37. Re1 Ne4 38. g4 Qh3 39. Rxe4 Bxe4 40. Be5+ Kg8
41. Qxe4 Qxb3 42. d6 Qd1+ 43. Kf2 Kh7 44. Qd5 1-0

[Event "10th American Continental"]
[Site "Montevideo URU"]
[Date "2015.05.17"]
[Round "3.19"]
[White "Aranha Filho, Alvaro Z."]
[Black "Gonzalez Vidal, Yuri"]
[Result "1/2-1/2"]
[WhiteTitle "FM"]
[BlackTitle "GM"]
[WhiteElo "2270"]
[BlackElo "2550"]
[WhiteFideId "2103931"]
[BlackFideId "3503321"]
[EventDate "2015.05.15"]
[EventType "swiss"]

1. d4 Nf6 2. Nf3 e6 3. c4 d5 4. g3 Bb4+ 5. Bd2 Be7 6. Bg2 O-O 7. Qc2 c6 8. O-O
b6 9. Bf4 Ba6 10. Ne5 Nfd7 11. Nxd7 Nxd7 12. cxd5 cxd5 13. Nc3 b5 14. a4 b4 15.
Nb5 Rc8 16. Qd3 Nb6 17. b3 Rc3 18. Qd1 Bxb5 19. axb5 Qd7 20. Bd2 Rc7 21. Ra5 Rb8
22. Qe1 Nc8 23. Bxb4 Rxb5 24. Bxe7 Nxe7 25. Ra3 Nc6 26. e3 g6 27. Qd2 Rcb7 28.
Qc3 R5b6 29. Rfa1 Qd6 30. Ra6 Qb8 31. Rxb6 Rxb6 32. Bf1 Ne7 33. Ra3 Nc8 34. Ba6
Nd6 35. Bd3 Qb7 36. h4 Rc6 37. Qa5 Rc7 38. Kh2 Kg7 39. Qa6 Qb4 40. Qa5 Qxa5 41.
Rxa5 Rc3 42. Ra6 Rxd3 43. Rxd6 Rxb3 44. Rd7 a5 45. Ra7 Ra3 46. g4 h5 47. g5 a4
48. Ra8 Ra1 49. Kg2 a3 50. Ra7 Kf8 51. Kh2 a2 52. Kg2 Ke8 53. Ra8+ Kd7 54. Ra7+
Kd6 55. Ra6+ Kc7 56. Ra7+ Kb6 57. Ra8 Kb7 58. Ra3 Kb6 59. Ra8 Kb5 60. Rb8+ Kc4
61. Ra8 Kb3 62. Rb8+ Kc2 63. Ra8 Kd3 64. Ra3+ Ke4 65. Ra7 e5 66. dxe5 Kxe5 67.
Ra6 Ke4 68. Ra4+ Kf5 69. Rf4+ Ke5 70. Ra4 f6 71. gxf6 Kxf6 72. Rf4+ Ke5 73. Ra4
Kf5 74. Rf4+ Ke6 75. Ra4 Kd6 76. Ra8 Kc5 77. Ra7 Kd6 78. Ra8 Ke6 79. Ra6+ Kf5
80. Ra5 Ke4 81. Ra4+ Kd3 82. Ra8 Kc3 83. Rc8+ Kb3 84. Rb8+ Kc4 85. Rc8+ Kb5 86.
Ra8 Kc6 87. Ra7 Kd6 88. Ra6+ Ke7 89. Ra7+ Kf6 90. Ra6+ Kf5 91. Ra5 g5 92. hxg5
Rd1 93. Rxa2 Kxg5 94. Ra8 Rd2 95. Rg8+ Kf5 96. Rf8+ Kg5 97. Rg8+ Kf5 98. Rf8+ 1/2-1/2

[Event "10th American Continental"]
[Site "Montevideo URU"]
[Date "2015.05.17"]
[Round "3.20"]
[White "Matamoros Franco, Carlos S."]
[Black "Contreras, Henry"]
[Result "1-0"]
[WhiteTitle "GM"]
[BlackTitle "FM"]
[WhiteElo "2525"]
[BlackElo "2193"]
[WhiteFideId "3600017"]
[BlackFideId "4400623"]
[EventDate "2015.05.15"]
[EventType "swiss"]

1. Nf3 Nf6 2. c4 g6 3. g3 Bg7 4. Bg2 O-O 5. O-O d6 6. d4 Nc6 7. Nc3 a6 8. d5 Na5
9. b3 c5 10. dxc6 bxc6 11. Bb2 Rb8 12. Qd2 c5 13. Rac1 Bb7 14. Rfd1 Ne4 15. Nxe4
Bxb2 16. Nxc5 Bxc1 17. Qxc1 Bxf3 18. Bxf3 Qc8 19. Ne4 Nc6 20. Qg5 Kg7 21. Bg2 h6
22. Qd2 Rd8 23. Nc3 Ne5 24. h3 Nd7 25. Nd5 Re8 26. Qc3+ f6 27. Nf4 Nf8 28. b4
Qf5 29. a3 Rec8 30. e3 a5 31. Nd5 axb4 32. axb4 Qe5 33. Qb3 g5 34. Kh2 Qe6 35.
Ra1 Qd7 36. Ra6 Qb7 37. Ra4 Qd7 38. Ra6 Qb7 39. Ra4 Qd7 40. Qa2 Ng6 41. Ra7 Qe6
42. f4 h5 43. f5 Qxf5 44. Nxe7 Nxe7 45. Rxe7+ Kf8 46. Qa7 Kg8 47. Rg7+ Kh8 48.
e4 Ra8 49. Qf7 Rf8 50. exf5 1-0

[Event "10th American Continental"]
[Site "Montevideo URU"]
[Date "2015.05.17"]
[Round "3.21"]
[White "Hernandez, Cristian Andres"]
[Black "Di Berardino, Diego Rafael"]
[Result "0-1"]
[WhiteTitle "IM"]
[BlackTitle "IM"]
[WhiteElo "2250"]
[BlackElo "2489"]
[WhiteFideId "4402308"]
[BlackFideId "2105446"]
[EventDate "2015.05.15"]
[EventType "swiss"]

1. d4 Nf6 2. c4 c5 3. d5 e6 4. Nc3 exd5 5. cxd5 d6 6. Nf3 g6 7. Bf4 a6 8. a4 Bg7
9. h3 O-O 10. e3 Qe7 11. Bd3 Nbd7 12. O-O Rb8 13. Re1 Ne8 14. Bg3 Nc7 15. Ne4
Ne5 16. Nxe5 Bxe5 17. Bxe5 Qxe5 18. f4 Qe7 19. Nc3 b5 20. axb5 axb5 21. e4 Qf6
22. e5 Qxf4 23. Re4 Qg5 24. exd6 Nxd5 25. h4 Nxc3 26. hxg5 Nxd1 27. Rxd1 Rd8 28.
Be2 Bf5 29. Re5 c4 30. Rdd5 Be6 31. Rxb5 Rxb5 32. Rxb5 Rxd6 33. Rc5 Rd4 34. Kf1
Kf8 35. Ke1 Ke7 36. Bf3 Rd3 37. Be2 Rd8 38. Rb5 Rd4 39. Kf2 Rd5 40. Rxd5 Bxd5
41. Ke3 f6 42. Kd4 Bxg2 43. gxf6+ Kxf6 44. Bxc4 h5 45. Ba6 h4 46. Ke3 Ke5 47. b4
g5 48. Kf2 Bd5 49. b5 g4 50. b6 g3+ 51. Ke3 Kd6 52. b7 Kc7 0-1

[Event "10th American Continental"]
[Site "Montevideo URU"]
[Date "2015.05.17"]
[Round "3.22"]
[White "Alonso, Salvador"]
[Black "El Ters, Antouan"]
[Result "1-0"]
[WhiteTitle "GM"]
[WhiteElo "2488"]
[BlackElo "2208"]
[WhiteFideId "105198"]
[BlackFideId "3000150"]
[EventDate "2015.05.15"]
[EventType "swiss"]

1. e4 e5 2. Nf3 Nc6 3. Bb5 a6 4. Ba4 Nf6 5. O-O Be7 6. Re1 b5 7. Bb3 O-O 8. h3
d6 9. c3 Na5 10. Bc2 c5 11. d4 Qc7 12. Nbd2 Bd7 13. d5 Rfb8 14. Nf1 b4 15. cxb4
Rxb4 16. b3 Rbb8 17. Rb1 g6 18. Bg5 Kg7 19. Qd2 Ng8 20. Bxe7 Nxe7 21. Ng3 Ng8
22. Qe3 Rb4 23. Nd2 Qd8 24. a3 Rbb8 25. Ne2 Rc8 26. Nc3 Rc7 27. Bd3 Nb7 28. Rf1
Qe8 29. Qe2 Nd8 30. a4 a5 31. Bb5 Rb7 32. Nc4 Qe7 33. Bxd7 Qxd7 34. Nb5 Ra6 35.
Qd2 Nf6 36. Rfe1 Nh5 37. Qc3 f6 38. Nxa5 Rb8 39. Nc4 Nf7 40. Qf3 Nh6 41. Ne3 Nf4
42. Ng4 Nf7 43. h4 Rf8 44. g3 Nh5 45. Na3 Nh6 46. Nxh6 Kxh6 47. Nc4 Kg7 48. b4
cxb4 49. Rxb4 Rf7 50. a5 f5 51. exf5 Rxf5 52. Qb3 Rf7 53. Rb6 Rxb6 54. axb6 Nf6
55. Ra1 Qe7 56. Ra7 Nd7 57. Nd2 Qd8 58. b7 Nb8 59. Ne4 h6 60. Qb4 Rd7 61. Ra1
Qc7 62. Rb1 Kf7 63. Kg2 Rd8 64. Rb3 Rd7 65. Rc3 1-0

[Event "10th American Continental"]
[Site "Montevideo URU"]
[Date "2015.05.17"]
[Round "3.23"]
[White "Rodriguez Vila, Andres"]
[Black "Casas, Nicolas"]
[Result "1-0"]
[WhiteTitle "GM"]
[WhiteElo "2485"]
[BlackElo "1834"]
[WhiteFideId "3000010"]
[BlackFideId "3002055"]
[EventDate "2015.05.15"]
[EventType "swiss"]

1. e4 d5 2. exd5 Qxd5 3. Nc3 Qa5 4. Nf3 Nf6 5. d4 c6 6. Ne5 Bf5 7. Bd2 Qd8 8.
Bc4 e6 9. Qe2 Be7 10. O-O-O Nbd7 11. g4 Nxe5 12. dxe5 Nxg4 13. f3 Nxe5 14. Qxe5
Bf6 15. Qc5 Be7 16. Qg1 Bf6 17. Bh6 1-0

[Event "10th American Continental"]
[Site "Montevideo URU"]
[Date "2015.05.17"]
[Round "3.24"]
[White "Paveto, Kevin"]
[Black "Caceres Vasquez, Sergio"]
[Result "1-0"]
[WhiteTitle "FM"]
[BlackTitle "FM"]
[WhiteElo "2400"]
[BlackElo "2087"]
[WhiteFideId "173444"]
[BlackFideId "3402169"]
[EventDate "2015.05.15"]
[EventType "swiss"]

1. e4 c5 2. Nf3 e6 3. d4 cxd4 4. Nxd4 Nc6 5. Nc3 Qc7 6. Ndb5 Qb8 7. Be3 a6 8.
Bb6 axb5 9. Nxb5 Bb4+ 10. c3 Ba5 11. Nc7+ Qxc7 12. Bxc7 Bxc7 13. Bd3 Nf6 14. O-O
d5 15. exd5 Nxd5 16. Qc2 Nf6 17. b4 O-O 18. a4 Bd7 19. a5 Rfc8 20. a6 bxa6 21.
Rfb1 Nb8 22. b5 Bb6 23. bxa6 Ba7 24. Be2 Bc6 25. Rb4 Nbd7 26. Bf3 Bxf3 27. gxf3
Nb6 28. Qd3 Nfd5 29. Rh4 Nf6 30. Rb1 Rc6 31. Rb3 Rac8 32. Rhb4 Nfd5 33. Rd4 h6
34. Rg4 Rxc3 35. Rxc3 Rxc3 36. Qd4 g6 37. Qe4 Rc7 38. Rh4 Rc4 39. Qxc4 Nxc4 40.
Rxc4 Kg7 41. Rc8 Nb4 42. Ra8 Nxa6 43. Rxa7 Nb4 44. Kf1 Nd5 45. Ke2 Kf6 46. Kd3
h5 47. Kd4 Ne7 48. Kc5 Nf5 49. Ra4 g5 50. Ra3 Nh4 51. Kd6 Kf5 52. Ke7 f6 53.
Ra5+ e5 54. Ra3 Kf4 55. Kxf6 Nxf3 56. h3 g4 57. hxg4 Kxg4 58. Ra4+ Kh3 59. Kf5
Kg2 60. Ke4 h4 61. Ke3 Nd4 62. Ra2 Nf3 63. Ra8 Nd4 64. Rg8+ Kf1 65. Rh8 Nf5+ 66.
Ke4 Ne7 67. Rxh4 Kxf2 68. Rh6 Kg3 69. Re6 Nc8 70. Rc6 Ne7 71. Rc7 1-0